Statistics for The Bible by Picture

Click here to take the quiz!

General Stats

  • This quiz has been taken 9,135 times
  • The average score is 15 of 18

Answer Stats

Answer % Correct
Eve
99%
Noah
96%
The Last Supper
94%
Red Sea
92%
Ten Commandments
91%
Holy Spirit
91%
Bethlehem
90%
Hebrew
87%
Locusts
84%
Jonah
83%
Sling
82%
Tower of Babel
75%
{Palm} Sunday
73%
Ark of the Convenant
72%
Sea of {Galilee}
70%
Frankincense
67%
Lyre
65%
Samson
55%

Score Distribution

Percentile by Number Answered

Percent of People with Each Score

Your Score History

You have not taken this quiz